000 00513nam a2200181Ia 4500
005 20250508151631.0
008 008 250505s9999 xx 000 0 eng d
037 _aReference
040 _aFEDL
_beng
_cFEDL
041 _aeng
_2eng
084 _a157.018, DUN
_qFEDL
100 _aDunbar Flanders
_9759638
245 0 _aEmotions and bodily changes
260 _aNew York, USA
_b Columbia University Press
_c1954
300 _a1192p.
942 _cREF
_h157.018, DUN
999 _c1331032
_d1331032